000 00666nam a2200241Ia 4500
005 20231116114755.0
008 131103s9999 xx 000 0 und d
020 _a748622624
040 _aLoreto College
041 _aEnglish
082 _a323
_bFOS
100 _aFoster, Steven
245 _aThe Judiciary, Civil Liberties and Human Rights
_cSteven Foster
260 _aEdinburgh
_bEdinburgh University Press
_c2006
300 _axv,228p
440 _aPolitics Study Guide
504 _aIncludes bibliographical references and index
630 _aCivil Liberties
650 _aJudiciary
651 _aHuman Rights
850 _aLCLIB
942 _cBK
999 _c28878
_d79357